<?xml version="1.0" encoding="UTF-8"?>
<record
    xmlns:xsi="http://www.w3.org/2001/XMLSchema-instance"
    xsi:schemaLocation="http://www.loc.gov/MARC21/slim http://www.loc.gov/standards/marcxml/schema/MARC21slim.xsd"
    xmlns="http://www.loc.gov/MARC21/slim">

  <leader>01644nam a22002057a 4500</leader>
  <controlfield tag="003">IT-MiCISF</controlfield>
  <controlfield tag="005">20251212154158.0</controlfield>
  <controlfield tag="008">251212b        |||||||| |||| 00| 0 eng d</controlfield>
  <datafield tag="020" ind1=" " ind2=" ">
    <subfield code="a">9788891675477</subfield>
  </datafield>
  <datafield tag="040" ind1=" " ind2=" ">
    <subfield code="c">IT-MiCISF</subfield>
  </datafield>
  <datafield tag="100" ind1=" " ind2=" ">
    <subfield code="a">Boccaletti Licia</subfield>
    <subfield code="9">62892</subfield>
  </datafield>
  <datafield tag="245" ind1=" " ind2=" ">
    <subfield code="a">Giovani caregiver.</subfield>
    <subfield code="b">Sostenere gli adolescenti con responsabilit&#xE0; di cura familiare</subfield>
  </datafield>
  <datafield tag="260" ind1=" " ind2=" ">
    <subfield code="a">Santa'Arcangelo di Romagna (RN),</subfield>
    <subfield code="b">Maggioli, </subfield>
    <subfield code="c">2025</subfield>
  </datafield>
  <datafield tag="300" ind1=" " ind2=" ">
    <subfield code="a">pp. 119</subfield>
  </datafield>
  <datafield tag="500" ind1=" " ind2=" ">
    <subfield code="a">famiglia, cura, malato-in-famiglia, figli-adolescenti, salute, servizi</subfield>
  </datafield>
  <datafield tag="520" ind1=" " ind2=" ">
    <subfield code="a">A prendersi cura in ambito familiare non sono sempre e solo gli adulti: molto pi&#xF9; spesso di quanto si creda, bambini e adolescenti sono coinvolti nell&#x2019;assistenza a un proprio caro fragile o non autosufficiente.
Secondo gli studi pi&#xF9; recenti, l&#x2019;8% di tutti i bambini e gli adolescenti europei presta cure, assistenza o sostegno a un familiare o un amico con una malattia cronica, una disabilit&#xE0;, una fragilit&#xE0; o una dipendenza, assumendosi livelli di responsabilit&#xE0; che di solito si associano a un adulto.
Cosa significa essere caregiver in adolescenza? Che sfida comporta? Che ruolo possono svolgere i professionisti che incontrano questi ragazzi per sostenerli ed accompagnarli in questo percorso e limitarne gli impatti negativi?
Questo volume, che sintetizza le migliori pratiche nazionali ed internazionali, si rivolge ad assistenti sociali, educatori, psicologi, insegnanti, ma anche a genitori e volontari che vogliano capire come riconoscere e supportare gli adolescenti con responsabilit&#xE0; di cura.
</subfield>
  </datafield>
  <datafield tag="650" ind1=" " ind2=" ">
    <subfield code="a">Famiglia</subfield>
  </datafield>
  <datafield tag="654" ind1=" " ind2=" ">
    <subfield code="a">saggio</subfield>
  </datafield>
  <datafield tag="942" ind1=" " ind2=" ">
    <subfield code="2">ddc</subfield>
    <subfield code="c">BK</subfield>
  </datafield>
  <datafield tag="999" ind1=" " ind2=" ">
    <subfield code="c">360689</subfield>
    <subfield code="d">360689</subfield>
  </datafield>
  <datafield tag="952" ind1=" " ind2=" ">
    <subfield code="0">0</subfield>
    <subfield code="1">0</subfield>
    <subfield code="2">ddc</subfield>
    <subfield code="4">0</subfield>
    <subfield code="6">A_2507_000000000000000</subfield>
    <subfield code="7">1</subfield>
    <subfield code="a">CISF</subfield>
    <subfield code="b">CISF</subfield>
    <subfield code="d">2025-12-12</subfield>
    <subfield code="l">0</subfield>
    <subfield code="o">A2507</subfield>
    <subfield code="p">9788891675477</subfield>
    <subfield code="r">2025-12-12 15:42:16</subfield>
    <subfield code="w">2025-12-12</subfield>
    <subfield code="y">BK</subfield>
  </datafield>
</record>
